El intruso

保存先:
書誌詳細
第一著者: Blasco Ibañez, Vicente
フォーマット: 図書
言語:Undetermined
出版事項: Valencia, España F. Sempere 1904
主題:
タグ: タグ追加
タグなし, このレコードへの初めてのタグを付けませんか!

MARC

LEADER 00000nam a2200000Ia 4500
008 170316s9999 xx 000 0 und d
040 |a cru BVZT 
090 |a 862 B-17i 
100 |a Blasco Ibañez, Vicente 
245 |a El intruso 
260 |a Valencia, España 
260 |b F. Sempere 
260 |c 1904 
300 |a 420 páginas 
650 |a LITERATURA ESPAÑOLA 
650 |a NOVELA 
999 |c 9525  |d 9525 
942 |c 15 D  |h 862 B-17i  |2 z